Competences methodologiques en sciences experimentales

Αποθηκεύτηκε σε:
Λεπτομέρειες βιβλιογραφικής εγγραφής
Κύριος συγγραφέας: Astolfi, Jean-Pierre
Άλλοι συγγραφείς: Peterfalvi, Brigitte, Verin, Anne
Μορφή: Βιβλίο
Γλώσσα:French
Δημοσίευση: Paris : INRP, 1991
Θέματα:
Ετικέτες: Προσθήκη ετικέτας
Δεν υπάρχουν, Καταχωρήστε ετικέτα πρώτοι!

MARC

LEADER 00000nam a2200000 i 4500
001 1/70511
008 970722s1991 fre d
020 |z 2-7342-0317-2 
035 |a 1993  |b 1  |c Χατζηνικήτα  |l 10030670 
040 |a GR-MY-UA  |b gre  |e aacr 
041 0 |a fre 
082 0 |a 501 
100 1 |a Astolfi, Jean-Pierre. 
245 1 0 |a Competences methodologiques en sciences experimentales /  |c Jean-Pierre Astolfi, Brigitte Peterfalvi, Anne Verin 
260 |a Paris :   |b INRP,   |c 1991 
300 |a 210 p. 
650 0 0 |a Research. 
650 0 0 |a Science  |x Methodology. 
700 1 |a Peterfalvi, Brigitte. 
700 1 |a Verin, Anne. 
852 |a INST  |b RHODES  |e 19970722  |h 501 AST  |p 005400009369  |q 005400009369  |t BK  |y 0 
909 |a Ρ  |b 025308  |c 1993 
970 |z 2000/08/ΔΕΜΕΝΑΓΑΣ ΠΕΤΡΟΣ